<The> changing role of the state in economy <a> historical perspective

Salvato in:
Dettagli Bibliografici
Autore principale: Tanzi, Vito
Natura: Libro
Lingua:inglese
Pubblicazione: Washington International Monetary Fund 1997
Serie:IMF working paper WP/97/114
Soggetti:
Tags: Aggiungi Tag
Nessun Tag, puoi essere il primo ad aggiungerne!!

MARC

LEADER 00000nam a2200000 4500
001 c100058
005 20221124074654.1
041 0 |a eng 
044 |a US 
245 1 0 |a <The> changing role of the state in economy  |b <a> historical perspective  |c Prepared by Vito Tanzi 
264 1 |a Washington  |b International Monetary Fund  |c 1997 
300 |a 28 s. 
490 1 |a IMF working paper  |v WP/97/114 
830 0 |a IMF working paper  |v WP/97/114 
610 2 0 |a štát 
610 2 0 |a politika hospodárska 
610 2 0 |a reformy 
610 2 0 |a vývoj hospodársky 
610 2 0 |a sektor verejný 
610 2 0 |a trh 
610 2 0 |a administratíva 
610 2 0 |a aktivita hospodárska 
610 2 0 |a prognózy 
610 2 0 |a koncepcie 
100 1 |a Tanzi, Vito